Civil Procedure (Amendment No 5) Rules 2003 (Record no. 103333)
[ view plain ]
| 000 -LEADER | |
|---|---|
| fixed length control field | 01149cad a22002055a 4500 |
| 008 - FIXED-LENGTH DATA ELEMENTS--GENERAL INFORMATION | |
| fixed length control field | 040206s2003 xxk l f000 0 eng u |
| 020 ## - INTERNATIONAL STANDARD BOOK NUMBER | |
| International Standard Book Number | 0110483987 |
| 035 ## - SYSTEM CONTROL NUMBER | |
| System control number | (Sirsi) u125084 |
| 041 ## - LANGUAGE CODE | |
| Language code of text/sound track or separate title | eng |
| 245 ## - TITLE STATEMENT | |
| Title | Civil Procedure (Amendment No 5) Rules 2003 |
| Medium | [electronic resource] |
| 260 ## - PUBLICATION, DISTRIBUTION, ETC. | |
| Place of publication, distribution, etc. | London |
| Name of publisher, distributor, etc. | HMSO |
| Date of publication, distribution, etc. | 2003 |
| 490 ## - SERIES STATEMENT | |
| Series statement | SI |
| Volume/sequential designation | 2003: 3361 |
| 520 ## - SUMMARY, ETC. | |
| Summary, etc. | Rules 2,3,6,7,8,11 and 34 come into on 1 February 2004, Rule 9 on 1 March 2004, Rules 4, 10,14-21, 23-29, 32 and 33 on 1 April 2004 and for all other purposes on 1 May 2004. Key provisions include a new Rule 7.12 which allows claims to be started electronically, and Rule 30.8 which requires any proceedings which raise an issue of competition law to be transferred to the Chancery Division. For details of new rules and amendments see Explanatory Note. View at www.hmso.gov.uk/si. |
| 650 ## - SUBJECT ADDED ENTRY--TOPICAL TERM | |
| Topical term or geographic name entry element | CIVIL PROCEDURE (AMENDMENT NO 5) RULES 2003 |
| 650 ## - SUBJECT ADDED ENTRY--TOPICAL TERM | |
| Topical term or geographic name entry element | CIVIL PROCEDURE RULES |
| 650 ## - SUBJECT ADDED ENTRY--TOPICAL TERM | |
| Topical term or geographic name entry element | CIVIL PROCEDURE ACT 1997 |
| 690 ## - LOCAL SUBJECT ADDED ENTRY--TOPICAL TERM (OCLC, RLIN) | |
| Topical term or geographic name as entry element | LAW-UK |
| 856 40 - ELECTRONIC LOCATION AND ACCESS | |
| Uniform Resource Identifier | <a href="https://www.legislation.gov.uk/uksi/2003/3361/contents/made">https://www.legislation.gov.uk/uksi/2003/3361/contents/made</a> |
| Public note | View the Rules free of charge at www.legislation.gov.uk |
| 942 ## - ADDED ENTRY ELEMENTS (KOHA) | |
| Suppress in OPAC | 0 |
| Withdrawn status | Lost status | Source of classification or shelving scheme | Damaged status | Not for loan | Home library | Current library | Shelving location | Date acquired | Total Checkouts | Full call number | Barcode | Date last seen | Copy number | Price effective from | Koha item type |
|---|---|---|---|---|---|---|---|---|---|---|---|---|---|---|---|
| Dewey Decimal Classification | Virtual | Virtual | Online | 06/02/2004 | ONLINE PUBLICATION | 125084-2001 | 06/08/2019 | 1 | 06/08/2019 | Book |